00470 a2200145 450000500170000001000150001702000310003203500140006303700130007708200120009024501010010226000300020327000690023330000220030220211227124406.0 aENG-130676 a978-93-90232-33-8c1595.00 aEN-114208 bDBAD/PUB a294.594 aYajnavalkya Dharmasastra:cEdited by Patrick OlivellebThe Textual History of a Hindu Legal Code aDelhibPrimus Booksc2020 aVirat Bhawan, Mukherjee Nagar, Commercial ComplexbDelhie110009 a448p.c25cm (hbk)